000 00597nam a2200229 i 4500
001 bg
100 1 _aCZAPKIEWICZ, Witold
245 0 _aNovell NetWare v 3.11 :
_bporadnik użytkowania sieci /
_cWitold Czapkiewicz.
250 _aWyd. 2 zm.
260 _aWarszawa :
_bEDITEX,
_c1993.
300 _a163 s. :
_brys. ;
_c24 cm.
504 _aBibliogr. s. 163.
650 9 _aSieć komputerowa
655 _aPodręczniki
020 _a8390017393
040 _cBPK
041 _apol
080 _a681.324
920 _a83-900173-9-3
942 _cKS
008 s pl f |000 0 pol
999 _c6011
_d6011
856 _uhttp://koha.tu.koszalin.pl/cgi-bin/koha/opac-detail.pl?biblionumber=6011
_yKatalog online BPK